Name All The Countries That Have More Than $1 Trillion GDP - Statistics

General Stats
  • This quiz has been taken 39 times
  • The average score is 18 of 19
Answer Stats
Hint Answer % Correct
F France
100%
G Germany
100%
I India
100%
R Russia
100%
U United States
100%
C Canada
97%
C China
97%
J Japan
97%
U United Kingdom
97%
A Australia
94%
B Brazil
94%
I Indonesia
94%
I Italy
94%
S Spain
91%
M Mexico
89%
T Turkey
89%
N Netherlands
80%
S Saudi Arabia
80%
S South Korea
77%
No matching quizzes found
Score Distribution
Percent of People with Each Score
Percentile by Number Answered
Your Score History
You have not taken this quiz